Privilegios de El Bonillo del siglo XVI. (Record no. 18758)

MARC details
000 -LEADER
campo de control de longitud fija 01208nam a2200265 i 4500
001 - NÚMERO DE CONTROL
campo de control 18758
003 - IDENTIFICADOR DE NÚMERO DE CONTROL
campo de control ES-MaACL
005 - FECHA Y HORA DE LA ÚLTIMA TRANSACCIÓN
campo de control 20230906151921.0
007 - CAMPO FIJO DE DESCRIPCIÓN FÍSICA--INFORMACIÓN GENERAL
campo de control de longitud fija t|
008 - DATOS DE LONGITUD FIJA--INFORMACIÓN GENERAL
campo de control de longitud fija 020204s2001 sp ||||0| spa j
020 ## - NÚMERO INTERNACIONAL ESTÁNDAR DEL LIBRO
Número Internacional Estándar del Libro 84-95394-17-0
040 ## - FUENTE DE CATALOGACIÓN
Centro catalogador/agencia de origen M-BN
Lengua de catalogación spa
Centro/agencia transcriptor M-BN
080 ## - NÚMERO DE LA CLASIFICACIÓN DECIMAL UNIVERSAL
Número de la Clasificación Decimal Universal 352(460.288 Bonillo)"15":091.07
245 00 - MENCIÓN DEL TÍTULO
Título Privilegios de El Bonillo del siglo XVI.
260 ## - PUBLICACIÓN, DISTRIBUCIÓN, ETC.
Lugar de publicación, distribución, etc. Albacete :
Nombre del editor, distribuidor, etc. Instituto de Estudios Albacetenses "Don Juan Manuel",
Fecha de publicación, distribución, etc. 2001.
300 ## - DESCRIPCIÓN FÍSICA
Extensión 237 p. :
Otras características físicas il. ;
Dimensiones 33 cm +
Material acompañante/anejo 5 cuadernillos en una caja.
490 1# - MENCIÓN DE SERIE
Mención de serie Serie 0--Corpus, documenta y bibliografía ;
Designación de volumen o secuencia n. 16
500 ## - NOTA GENERAL
Nota general Incluye reprod. facs. de cinco privilegios, tres otorgados por la Emperatriz de Portugal, el privilegio de villazgo concedido por el Emperador Carlos V y otro de ampliación de término municipal dado por Felipe II.
505 8# - NOTA DE CONTENIDO CON FORMATO
Nota de contenido con formato Contiene: [1]. Estudios y transcripciones -- [2]. Facsímiles (5 cuadernillos)
651 #4 - PUNTO DE ACCESO ADICIONAL DE MATERIA--NOMBRE GEOGRÁFICO
Nombre geográfico El Bonillo-
Subdivisión general Administración-
Subdivisión de forma Manuscritos-
-- Facsímiles.
9 (RLIN) 8149
710 2# - ENTRADA AGREGADA--NOMBRE DE ENTIDAD CORPORATIVA
Nombre de entidad corporativa o nombre de jurisdicción como elemento de entrada Instituto de Estudios Albacetenses.
9 (RLIN) 4884
830 0# - PUNTO DE ACCESO ADICIONAL DE SERIE-TÍTULO UNIFORME
Título uniforme Serie 0--Corpus, documenta y bibliografía ;
Designación de volumen o secuencia n. 16
9 (RLIN) 179464
852 ## - LOCALIZACIÓN
Ubicación ES-MaACL
Número de control de estantería L-25255-56
Sublocalización o colección R.130370
Holdings
Estatus retirado Estado de pérdida Estado de daño No para préstamo Biblioteca de origen Biblioteca actual Ubicación en estantería Fecha de adquisición Fuente de adquisición Total de préstamos Signatura topográfica completa Código de barras Visto por última vez Precio de reemplazo Tipo de ítem Koha
        Biblioteca del Ateneo de Madrid Biblioteca del Ateneo de Madrid Depósito 2 17/01/2008     L-25255-56 1019195 23/02/2023 23/02/2023 Libro impreso